Find the Family Guy Characters Quiz Stats

Quiz Updated May 29, 2016

Also try: Family Guy Abroad
Challenge
Share
Tweet
Score 0/42 Timer 06:00
2 Plays Today
% Correct
Peter
93%
Lois
92.8%
Death
92.6%
Stewie
92.5%
Ernie the Giant Chicken
92.4%
Evil Monkey
92.4%
Chris
92.1%
Meg
92.1%
Cleveland
91.9%
God
91.3%
Vern and Johnny
91.1%
Quagmire
90.9%
Jesus
90.1%
Seamus
89.9%
Brian
89%
Tricia Takanawa
88.7%
Loretta
88.4%
Dr. Hartman
88%
Joe
87.9%
Thelma
86.8%
Adam West
86.7%
% Correct
Greased-Up Deaf Guy
86.2%
Bonnie
86.2%
Tom
84.7%
Carter
84.5%
Diane
84.4%
Mort
83.9%
Barbara
83.4%
Herbert
80.4%
Jake
76.6%
Ollie Williams
75.1%
Francis
73.9%
Opie
72.7%
Neil
72%
Jillian
71.8%
Fouad
70.9%
Bruce
70.3%
Angela
68.2%
Connie DiMico
67.1%
Mr. Weed
65.5%
Horace
63.5%
Carl
59.6%

You're not logged in!

Compare scores with friends on all Sporcle quizzes.
Join for Free
OR
Log In

You Might Also Like...

Show Comments

Extras

Top Quizzes Today


Score Distribution

Your Account Isn't Verified!

In order to create a playlist on Sporcle, you need to verify the email address you used during registration. Go to your Sporcle Settings to finish the process.

Report this User

Report this user for behavior that violates our Community Guidelines.

Details: